[Event "OP-2012-0-02324"]
[Site "LSS email"]
[Date "2012.07.29"]
[Round "?"]
[White "Lindstrom, Timothy"]
[Black "Yloenen, Olli"]
[Result "0-1"]
[WhiteElo "1390"]
[BlackElo "1330"]
[PlyCount "94"]
[EventDate "2012.07.27"]
[EventType "tourn (corr)"]
[EventRounds "4"]
[EventCountry "GER"]
[SourceTitle "Telechess CBM 163"]
[Source "ChessBase"]
[SourceDate "2014.11.11"]
[SourceVersion "2"]
[SourceVersionDate "2014.11.11"]
[SourceQuality "1"]

1. d4 Nf6 2. c4 g6 3. Nc3 d5 4. Bg5 Ne4 5. Nxe4 dxe4 6. e3 Bg7 7. Qc2 c5 8. Ne2 Nc6 9. dxc5 0-0 10. Nc3 Qa5 11. Be2 Qxc5 12. Nxe4 Qa5+ 13. Qd2 Qxd2+ 14. Nxd2 Bxb2 15. Rd1 f6 16. Bh6 Rd8 17. 0-0 Bf5 18. e4 Nd4 19. Bd3 Bg4 20. f3 Be6 21. Rb1 Bc3 22. Rfd1 Nc6 23. Be2 g5 24. Nb3 Rxd1+ 25. Rxd1 Ne5 26. Nc5 Bxc4 27. Bxc4+ Nxc4 28. h4 Bd2 29. Kh1 Kf7 30. hxg5 fxg5 31. Nb3 Be3 32. f4 Bxf4 33. g3 Be3 34. Rf1+ Kg6 35. Rf8 Rxf8 36. Bxf8 Kf7 37. Bh6 Kf6 38. Kg2 b5 39. Na1 g4 40. Bf4 Bxf4 41. gxf4 Nd2 42. Kg3 h5 43. Nc2 Nxe4+ 44. Kh4 Kf5 45. Kxh5 Kxf4 46. Ne1 g3 47. a3 Ke3 0-1

[Event "OP-2012-0-02256"]
[Site "LSS email"]
[Date "2012.06.20"]
[Round "?"]
[White "De Wolf, Michiel"]
[Black "Lindstrom, Timothy"]
[Result "1-0"]
[WhiteElo "1020"]
[BlackElo "1378"]
[PlyCount "83"]
[EventDate "2012.06.16"]
[EventType "tourn (corr)"]
[EventRounds "4"]
[EventCountry "GER"]
[SourceTitle "Telechess CBM 155"]
[Source "ChessBase"]
[SourceDate "2013.07.16"]
[SourceVersion "1"]
[SourceVersionDate "2013.07.16"]
[SourceQuality "1"]

1. e4 c5 2. d4 cxd4 3. c3 dxc3 4. Nxc3 Nc6 5. Nf3 e6 6. Bc4 Bb4 7. Bd2 Nf6 8. 0-0 d5 9. exd5 exd5 10. Re1+ Be6 11. Bd3 0-0 12. Rc1 Rc8 13. a3 Be7 14. Bg5 h6 15. Bxf6 Bxf6 16. Bc2 Re8 17. Qd3 g6 18. Bb3 a6 19. Qd2 d4 20. Nd5 Bg7 21. Qd3 Ne5 22. Nxe5 Rxc1 23. Rxc1 Bxd5 24. Bxd5 Qxd5 25. Nf3 b5 26. b3 Qe4 27. Qxe4 Rxe4 28. Rc8+ Kh7 29. Rd8 Bf6 30. Rd6 Re6 31. Rd7 Kg7 32. Kf1 Re4 33. Rd6 g5 34. Rxa6 Re6 35. Rxe6 fxe6 36. Ke2 g4 37. Nd2 e5 38. a4 bxa4 39. bxa4 Bd8 40. Nc4 Kf6 41. a5 Bc7 42. a6 1-0

[Event "OP-2012-0-02256"]
[Site "LSS email"]
[Date "2012.06.20"]
[Round "?"]
[White "Lindstrom, Timothy"]
[Black "Pilgram, Kurt"]
[Result "0-1"]
[WhiteElo "1378"]
[BlackElo "1579"]
[PlyCount "78"]
[EventDate "2012.06.16"]
[EventType "tourn (corr)"]
[EventRounds "4"]
[EventCountry "GER"]
[SourceTitle "Telechess CBM 155"]
[Source "ChessBase"]
[SourceDate "2013.07.16"]
[SourceVersion "1"]
[SourceVersionDate "2013.07.16"]
[SourceQuality "1"]

1. Nf3 c5 2. c4 Nf6 3. g3 b6 4. Bg2 Bb7 5. 0-0 g6 6. Nc3 Bg7 7. d3 0-0 8. Bg5 Nc6 9. Qd2 d6 10. Rad1 Qd7 11. Bh6 Nd4 12. Bxg7 Kxg7 13. Nxd4 cxd4 14. Ne4 Nh5 15. e3 f5 16. Ng5 Bxg2 17. Kxg2 h6 18. Nf3 dxe3 19. fxe3 e5 20. Qf2 Nf6 21. h3 b5 22. b3 bxc4 23. dxc4 Qc7 24. Nd2 Rac8 25. Kh2 Qb6 26. Qf3 d5 27. cxd5 Rc2 28. Kg1 e4 29. Qf4 g5 30. Qxf5 Qxe3+ 31. Qf2 Qxf2+ 32. Kxf2 Rd8 33. Ke1 e3 34. Nc4 e2 35. Rxf6 exd1Q+ 36. Kxd1 Rxc4 37. bxc4 Kxf6 38. Kd2 Ke5 39. Kd3 Rd6 0-1

[Event "OP-2012-0-02254"]
[Site "LSS email"]
[Date "2012.06.18"]
[Round "?"]
[White "Lindstrom, Timothy"]
[Black "Bokros, Csaba"]
[Result "1-0"]
[WhiteElo "1374"]
[BlackElo "887"]
[PlyCount "67"]
[EventDate "2012.06.15"]
[EventType "tourn (corr)"]
[EventRounds "4"]
[EventCountry "GER"]
[SourceTitle "Telechess CBM 153"]
[Source "ChessBase"]
[SourceDate "2013.03.14"]
[SourceVersion "1"]
[SourceVersionDate "2013.03.14"]
[SourceQuality "1"]

1. c4 c5 2. Nf3 Nc6 3. d3 Nf6 4. e4 e5 5. Be2 Be7 6. Nc3 0-0 7. Nd5 d6 8. Nxe7+ Nxe7 9. 0-0 h6 10. h3 g5 11. h4 g4 12. Nh2 h5 13. Qd2 Ng6 14. Qg5 Nh7 15. Qxh5 Qxh4 16. Qxh4 Nxh4 17. Nxg4 Bd7 18. Bh6 Bxg4 19. Bxg4 Rfe8 20. Kh2 Nf6 21. Be2 Nd7 22. Rh1 Ng6 23. Kg3 Ndf8 24. Rh2 Nf4 25. Bxf4 exf4+ 26. Kxf4 Ng6+ 27. Ke3 Kg7 28. Rah1 Rh8 29. Rxh8 Nxh8 30. Bg4 Re8 31. Bf5 Kf6 32. g4 Rg8 33. g5+ Kxg5 34. Rg1+ 1-0

[Event "OP-2012-0-02254"]
[Site "LSS email"]
[Date "2012.06.18"]
[Round "?"]
[White "Vontina, Maria"]
[Black "Lindstrom, Timothy"]
[Result "0-1"]
[WhiteElo "810"]
[BlackElo "1374"]
[PlyCount "78"]
[EventDate "2012.06.15"]
[EventType "tourn (corr)"]
[EventRounds "4"]
[EventCountry "GER"]
[SourceTitle "Telechess CBM 153"]
[Source "ChessBase"]
[SourceDate "2013.03.14"]
[SourceVersion "1"]
[SourceVersionDate "2013.03.14"]
[SourceQuality "1"]

1. e4 c5 2. Nf3 a6 3. d4 b6 4. Nc3 cxd4 5. Nxd4 Bb7 6. Be2 e6 7. 0-0 Bb4 8. Bd3 d5 9. exd5 Bxc3 10. bxc3 Qxd5 11. Nf3 Ne7 12. Be3 Nd7 13. Qe2 Qh5 14. a4 Bxf3 15. Qxf3 Qxf3 16. gxf3 Nd5 17. Bd2 Ne5 18. Be2 Rc8 19. Ra3 Nc4 20. Bxc4 Rxc4 21. Rb1 0-0 22. Kf1 Rd8 23. Ke2 f5 24. Be1 g5 25. Bd2 h6 26. Rh1 Kf7 27. Rb1 e5 28. Rg1 Ke6 29. Rb1 Rdc8 30. Kd3 e4+ 31. fxe4 Rxe4 32. Be3 Nxe3 33. fxe3 Rd8+ 34. Ke2 Rg4 35. Rxb6+ Ke5 36. Kf3 Rd2 37. Rxh6 Rgg2 38. e4 fxe4+ 39. Ke3 Rde2# 0-1

[Event "ZI-2010-0-00764"]
[Site "LSS email"]
[Date "2010.08.08"]
[Round "?"]
[White "Matugin, Sergei"]
[Black "Lindstrom, Timothy"]
[Result "1-0"]
[WhiteElo "1592"]
[BlackElo "1390"]
[PlyCount "51"]
[EventDate "2010.08.02"]
[EventType "match (corr)"]
[EventRounds "2"]
[EventCountry "GER"]
[SourceTitle "Telechess CBM 143"]
[Source "ChessBase"]
[SourceDate "2011.07.15"]
[SourceVersion "1"]
[SourceVersionDate "2011.07.15"]
[SourceQuality "1"]

1. e4 c5 2. Nf3 d6 3. d4 cxd4 4. Nxd4 Nf6 5. Nc3 a6 6. Be3 Ng4 7. Bg5 Nf6 8. Be3 e5 9. Nb3 Be6 10. f3 Be7 11. Qd2 d5 12. exd5 Bxd5 13. 0-0-0 Bxb3 14. Qxd8+ Bxd8 15. axb3 Nc6 16. g4 h6 17. h4 Ba5 18. Bc4 Bxc3 19. bxc3 b5 20. Be2 Rd8 21. c4 b4 22. Bb6 Rd7 23. Kb2 0-0 24. g5 Rxd1 25. Rxd1 hxg5 26. hxg5 1-0